000 00266nam a22001217a 4500
008 170715b xxu||||| |||| 00| 0 eng d
041 _aeng
080 _a038
100 _a24
101 _aFIL
245 _aKNOWLEDGE NATURE AND NORMS
_cTIMMONS, M
942 _2udc
_cBK
999 _c21005
_d21005